US States that Countries Immigrate to the Most - Statistics

General Stats
  • This quiz has been taken 34 times
  • The average score is 71 of 126
Answer Stats
Country State % Correct
Afghanistan California
92%
Algeria California
92%
Armenia California
92%
Belgium California
92%
Austria California
88%
Bahamas Florida
88%
Albania New York
88%
Bangladesh New York
88%
Belarus New York
88%
Australia California
83%
Azerbaijan California
83%
Belize California
83%
China California
79%
Argentina Florida
79%
Brazil Florida
79%
Cambodia California
75%
Colombia Florida
75%
Barbados New York
75%
Canada California
71%
Chile Florida
71%
Costa Rica Florida
71%
Cuba Florida
71%
Croatia New York
71%
Mexico California
67%
Dominica New York
67%
Ecuador New York
67%
Denmark California
63%
Egypt California
63%
Eritrea California
63%
Fiji California
63%
Germany California
63%
Guatemala California
63%
Hong Kong California
63%
India California
63%
Iran California
63%
Israel California
63%
Japan California
63%
Kazakhstan California
63%
South Korea California
63%
Laos California
63%
Malaysia California
63%
Myanmar California
63%
Netherlands California
63%
Haiti Florida
63%
Dominican Republic New York
63%
Ireland New York
63%
Czechia California
58%
El Salvador California
58%
Lebanon California
58%
Philippines California
58%
Romania California
58%
Thailand California
58%
Vietnam California
58%
Nicaragua Florida
58%
Panama Florida
58%
Peru Florida
58%
Georgia New York
58%
Ghana New York
58%
Greece New York
58%
Guyana New York
58%
Italy New York
58%
Jamaica New York
58%
Latvia New York
58%
Morocco New York
58%
Russia New York
58%
France California
54%
Indonesia California
54%
Jordan California
54%
Kuwait California
54%
Singapore California
54%
South Africa California
54%
Sri Lanka California
54%
Sweden California
54%
Syria California
54%
United Kingdom California
54%
Venezuela Florida
54%
Grenada New York
54%
Ivory Coast New York
54%
Ukraine New York
54%
Honduras Texas
54%
Hungary California
50%
Moldova California
50%
Norway California
50%
Taiwan California
50%
Spain Florida
50%
Uruguay Florida
50%
Bulgaria Illinois
50%
Cape Verde Massachusetts
50%
Pakistan New York
50%
Senegal New York
50%
Uzbekistan New York
50%
Republic of the Congo Texas
50%
Kenya Texas
50%
Switzerland California
46%
Bosnia and Herzegovina Illinois
46%
Portugal Massachusetts
46%
Saint Lucia New York
46%
Trinidad and Tobago New York
46%
Turkey New York
46%
Slovakia California
42%
Democratic Republic of the Congo Texas
42%
Nepal Texas
42%
Saudi Arabia Texas
42%
United Arab Emirates Texas
42%
Federated States of Micronesia Hawaii
38%
Lithuania Illinois
38%
Poland Illinois
38%
Uganda Massachusetts
38%
Iraq Michigan
38%
Yemen Michigan
38%
Somalia Minnesota
38%
North Macedonia New Jersey
38%
Nigeria Texas
38%
Sudan Texas
38%
Tanzania Texas
38%
Serbia Illinois
33%
Zimbabwe Texas
33%
Liberia Minnesota
29%
Saint Vincent and the Grenadines New York
29%
Cameroon Maryland
25%
Togo Maryland
25%
Bhutan Ohio
25%
Bolivia Virginia
25%
Sierra Leone Maryland
21%
Ethiopia Virginia
21%
Marshall Islands Arkansas
13%
No matching quizzes found
Score Distribution
Percent of People with Each Score
Percentile by Number Answered
Your Score History
You have not taken this quiz